Intelligence ...

Bibliographic Details
Main Author: Dorros, Theodore
Format: Book
Language:English

MARC

Tag First Indicator Second Indicator Subfields
LEADER 00000cam a2200000 4500
001 in00000056360
005 20151007081910.0
008 791112s1936 fr 00000 eng
010 |a  37014044  
035 |a (OCoLC)05684769 
035 |9 AAF7076AM 
040 |a DLC  |c AFU  |d TXA  |d UtOrBLW 
049 |a TXAM  |c [78781] 
050 0 0 |a HN27  |b .D6 
090 |a HN27  |b .D6 1936 
092 |a 301  |b D716i 
100 1 |a Dorros, Theodore. 
245 1 0 |a Intelligence ... 
264 3 |a [Fontenay-aux-Roses, France] :  |b [Printed by L. Bellenand et fils],  |c [1936] 
300 |a 153 pages ;  |c 23 cm. 
336 |a text  |b txt  |2 rdacontent 
337 |a unmediated  |b n  |2 rdamedia 
338 |a volume  |b nc  |2 rdacarrier 
500 |a The author's plan for a society for the establishment of "intelligent collectivism". 
999 |a MARS 
999 f f |s 6313a7f4-2ac1-3c5c-bec2-f3af3ef0903a  |i 38117553-2fb4-3305-814e-73ae18505044  |t 0 
952 f f |p ric  |a Texas A&M University  |b Rellis Campus  |c Joint Library Facility  |d Remote Storage  |t 0  |e HN27 .D6 1936  |h Library of Congress classification  |i unmediated -- volume  |m A14800631670 
998 f f |a HN27 .D6 1936  |t 0  |l Remote Storage